Vvyužitie informačných systémov v third party logistics a fourth party logistics
Pojem logistický reťazec. Jeho základné články. Outsourcing v logistike. Poskytovatelia logistických služieb. Logistické moduly na riešenie určitých častí logistického reťazca. Riadenie dopravy - Transportation management. Riadenie vozového parku - Fleet management. Využitie informačných systémov v...
Salvato in:
| Autore principale: | |
|---|---|
| Altri autori: | |
| Natura: | Capitolo di libro |
| Lingua: | slovacco |
| Soggetti: | |
| Tags: |
Nessun Tag, puoi essere il primo ad aggiungerne!!
|
MARC
| LEADER | 00000nla$a2200000$$$4500 | ||
|---|---|---|---|
| 001 | 0103533 | ||
| 005 | 20240502072127.7 | ||
| 041 | 0 | |a slo | |
| 044 | |a SK | ||
| 245 | 1 | 0 | |a Vvyužitie informačných systémov v third party logistics a fourth party logistics |c Linda Lichnerová, Zuzana Marečková |
| 520 | |a Pojem logistický reťazec. Jeho základné články. Outsourcing v logistike. Poskytovatelia logistických služieb. Logistické moduly na riešenie určitých častí logistického reťazca. Riadenie dopravy - Transportation management. Riadenie vozového parku - Fleet management. Využitie informačných systémov v third party logistics. Využitie informačných systémov vo fourth party logistics. | ||
| 610 | 2 | 0 | |a reťazce logistické |
| 610 | 2 | 0 | |a systémy informačné |
| 610 | 2 | 0 | |a služby logistické |
| 610 | 2 | 0 | |a outsourcing |
| 610 | 2 | 0 | |a reťazce dodávateľsko-odberateľské |
| 610 | 2 | 0 | |a vzťahy dodávateľsko-odberateľské |
| 100 | 1 | |a Lichnerová, Linda | |
| 700 | 1 | |a Marečková, Zuzana | |